000
00214 a2200097 4500
001
45460
100
_a
Grigg J
245
_a
Lloyd George from peace to war
260
_a
London
_b
Methuen
_c
090
_c
28623
_d
28623
942
_a
NUST-CAE
_c
M
_c
20695
999
_c
280533
_d
280533